《杀死那个石家庄人》歌词 Lyrics to "To Kill a Man from Shijiazhuang" - Statistics

General Stats
  • This quiz has been taken 122 times
  • The average score is 23 of 32
Answer Stats
歌词 % Correct
傍晚六点下班
91%
妻子在熬粥
90%
直到大厦崩塌
90%
直到大厦崩塌
90%
直到大厦崩塌
90%
直到大厦崩塌
90%
直到大厦崩塌
90%
如此生活三十年
85%
如此生活三十年
85%
如此生活三十年
85%
换掉药厂的衣裳
75%
河北师大附中
73%
我去喝几瓶啤酒
71%
买一把假枪
69%
用一张假钞
68%
一万匹脱缰的马
66%
一万匹脱缰的马
66%
乒乓少年背向我
65%
云层深处的黑暗啊
62%
淹没心底的景观
62%
云层深处的黑暗啊
62%
淹没心底的景观
62%
在八角柜台
61%
沉默的注视
61%
无法离开的教室
61%
夜幕覆盖华北平原
60%
保卫她的生活
59%
生活在经验里
58%
疯狂的人民商场
57%
在他脑海中奔跑
53%
在他脑海中奔跑
53%
忧伤浸透她的脸
52%
No matching quizzes found
Score Distribution
Percent of People with Each Score
Percentile by Number Answered
Your Score History
You have not taken this quiz